000 00343 a2200157 4500
001 169129
020 _a
040 _cMagnum
100 _aFusari, Maria Felisminda de Rezende e
240 1 0 _aArte na educacao escolar
_lpor
245 1 0 _aArte na educacao escolar
362 0 _a1899
440 1 _aCortez
697 _aARTES
942 _cBK
999 _c169129
_d169129